Der Rebell von Freiburg. (Record no. 6343)

MARC details
000 -LEADER
fixed length control field 00580cam a22002171 4500
001 - CONTROL NUMBER
control field af 48005084
003 - CONTROL NUMBER IDENTIFIER
control field DLC
005 - DATE AND TIME OF LATEST TRANSACTION
control field 20260227110912.0
008 - FIXED-LENGTH DATA ELEMENTS--GENERAL INFORMATION
fixed length control field 890525s1943 gw 000 0 ger c
010 ## - LIBRARY OF CONGRESS CONTROL NUMBER
LC control number af 48005084
035 ## - SYSTEM CONTROL NUMBER
System control number (OCoLC)19764818
040 ## - CATALOGING SOURCE
Original cataloging agency Yale Univ. Library
Transcribing agency CU
Modifying agency CU
-- DLC
042 ## - AUTHENTICATION CODE
Authentication code premarc
050 00 - LIBRARY OF CONGRESS CALL NUMBER
Classification number PT2638.A42
Item number R4 1943
100 1# - MAIN ENTRY--PERSONAL NAME
Personal name Schäfer, Wilhelm,
Dates associated with a name 1868-1952.
245 14 - TITLE STATEMENT
Title Der Rebell von Freiburg.
250 ## - EDITION STATEMENT
Edition statement [5. Aufl.]
260 ## - PUBLICATION, DISTRIBUTION, ETC.
Place of publication, distribution, etc. Gütersloh,
Name of publisher, distributor, etc. C. Bertelsmann
Date of publication, distribution, etc. [1943]
300 ## - PHYSICAL DESCRIPTION
Extent 59 p.
Dimensions 18 cm.
440 #0 - SERIES STATEMENT/ADDED ENTRY--TITLE
Title Kleine Feldpost-Reihe

No items available.

Powered by Koha